[Event "Aimchess US Rapid Prelims 2021"]
[Site "Chess24"]
[Date "2021.08.25"]
[Round "15.1"]
[White "Carlsen, Magnus"]
[Black "Duda, Jan-Krzysztof"]
[Result "1/2-1/2"]
[WhiteElo "2847"]
[BlackElo "2738"]
[Annotator "ChessBase"]
[PlyCount "248"]
[EventDate "2021.08.28"]
[EventType "tourn"]
[EventCountry "NET"]
[Tiebreak "Direct encounter+Number of wins+Koya"]
[SourceTitle "playchess.com"]
[Source "ChessBase"]
[SourceQuality "1"]
[TimeControl "900+10"]

1. e4 {[%emt 0:00:00]} c5 {[%emt 0:00:00]} 2. Nf3 {[%emt 0:00:02]} e6 {[%emt 0:
00:04]} 3. c3 {[%emt 0:00:04]} Nf6 {[%emt 0:00:04]} 4. e5 {[%emt 0:00:01]} Nd5
{[%emt 0:00:01]} 5. Bc4 {[%emt 0:00:04]} d6 {[%emt 0:00:28]} 6. d4 {[%emt 0:00:
05]} Nb6 {[%emt 0:00:45]} 7. Bb3 {[%emt 0:00:02]} cxd4 {[%emt 0:00:09]} 8. cxd4
{[%emt 0:00:01]} Bd7 {[%emt 0:00:10]} 9. O-O {[%emt 0:00:08]} Bc6 {[%emt 0:00:
02]} 10. Nc3 {[%emt 0:00:00]} Be7 {[%emt 0:00:16]} 11. exd6 {[%emt 0:00:05]}
Qxd6 {[%emt 0:00:05]} 12. Ne5 {[%emt 0:00:01]} N8d7 {[%emt 0:02:05]} 13. Nxc6 {
[%emt 0:00:03]} bxc6 {[%emt 0:00:00]} 14. Ne4 {[%emt 0:00:02]} Qb4 {[%emt 0:00:
02]} 15. a3 {[%emt 0:01:19]} Qb5 {[%emt 0:00:08]} 16. Nc3 {[%emt 0:00:09]} Qa6
{[%emt 0:00:40]} 17. Qg4 {[%emt 0:00:09]} Bf6 {[%emt 0:02:02]} 18. Ne4 {
[%emt 0:00:11]} O-O {[%emt 0:00:02]} 19. Bc2 {[%emt 0:00:47]} Qc4 {[%emt 0:01:
15]} 20. Nxf6+ {[%emt 0:00:45]} Nxf6 {[%emt 0:00:00]} 21. Qd1 {[%emt 0:00:01]}
Rfd8 {[%emt 0:00:17]} 22. Be3 {[%emt 0:00:02]} Qb5 {[%emt 0:01:35]} 23. Qc1 {
[%emt 0:00:02]} Nbd5 {[%emt 0:00:28]} 24. Bg5 {[%emt 0:00:13]} h6 {[%emt 0:00:
19]} 25. Bh4 {[%emt 0:00:06]} a5 {[%emt 0:00:08]} 26. Rd1 {[%emt 0:00:06]} Rdc8
{[%emt 0:00:39]} 27. Bg3 {[%emt 0:00:24]} c5 {[%emt 0:00:20]} 28. dxc5 {
[%emt 0:00:01]} Rxc5 {[%emt 0:00:03]} 29. Qd2 {[%emt 0:00:03]} Rac8 {[%emt 0:
00:09]} 30. Bd3 {[%emt 0:00:10]} Qb3 {[%emt 0:00:26]} 31. h3 {[%emt 0:00:02]}
a4 {[%emt 0:00:06]} 32. Bd6 {[%emt 0:00:14]} R5c6 {[%emt 0:00:11]} 33. Be5 {
[%emt 0:00:01]} Nd7 {[%emt 0:00:09]} 34. Bd4 {[%emt 0:00:02]} Nc5 {[%emt 0:00:
51]} 35. Bc2 {[%emt 0:00:17]} Qb5 {[%emt 0:00:02]} 36. Bxc5 {[%emt 0:00:41]}
Rxc5 {[%emt 0:00:00]} 37. Be4 {[%emt 0:00:07]} Qb6 {[%emt 0:01:05]} 38. Rac1 {
[%emt 0:00:06]} g5 {[%emt 0:00:44]} 39. Rxc5 {[%emt 0:00:03]} Rxc5 {[%emt 0:00:
00]} 40. Qd4 {[%emt 0:00:46]} Rc1 {[%emt 0:00:58]} 41. Bh7+ {[%emt 0:00:03]}
Kxh7 {[%emt 0:00:10]} 42. Qd3+ {[%emt 0:00:01]} Kg7 {[%emt 0:00:01]} 43. Rxc1 {
[%emt 0:00:00]} Qxb2 {[%emt 0:00:01]} 44. Rc2 {[%emt 0:00:29]} Qa1+ {[%emt 0:
01:02]} 45. Kh2 {[%emt 0:00:03]} h5 {[%emt 0:00:05]} 46. Rc4 {[%emt 0:00:14]}
Qe5+ {[%emt 0:00:19]} 47. Qg3 {[%emt 0:00:17]} Qf6 {[%emt 0:00:26]} 48. h4 {
[%emt 0:00:01]} g4 {[%emt 0:00:04]} 49. Rxa4 {[%emt 0:00:02]} e5 {[%emt 0:00:
22]} 50. Re4 {[%emt 0:00:09]} Nf4 {[%emt 0:00:02]} 51. a4 {[%emt 0:00:01]} Qd6
{[%emt 0:00:30]} 52. a5 {[%emt 0:00:12]} Qd5 {[%emt 0:00:28]} 53. Qe3 {[%emt 0:
00:56]} f5 {[%emt 0:00:25]} 54. Rxf4 {[%emt 0:00:02]} exf4 {[%emt 0:00:01]} 55.
Qe7+ {[%emt 0:00:01]} Kg8 {[%emt 0:00:07]} 56. Qg5+ {[%emt 0:00:47]} Kf8 {
[%emt 0:00:05]} 57. a6 {[%emt 0:00:12]} g3+ {[%emt 0:01:13]} 58. fxg3 {[%emt 0:
00:03]} f3 {[%emt 0:00:01]} 59. a7 {[%emt 0:00:42]} fxg2 {[%emt 0:01:34]} 60.
Qxh5 {[%emt 0:00:12]} Kg7 {[%emt 0:00:49]} 61. Qe2 {[%emt 0:00:23]} Qc5 {
[%emt 0:00:13]} 62. Kxg2 {[%emt 0:01:37]} Qxa7 {[%emt 0:00:02]} 63. Qe5+ {
[%emt 0:00:01]} Kg8 {[%emt 0:00:09]} 64. Qxf5 {[%emt 0:00:01]} Qb7+ {[%emt 0:
00:03]} 65. Kh2 {[%emt 0:00:06]} Kh8 {[%emt 0:00:04]} 66. Qe5+ {[%emt 0:00:08]}
Kh7 {[%emt 0:00:06]} 67. g4 {[%emt 0:00:02]} Qb3 {[%emt 0:00:38]} 68. h5 {
[%emt 0:00:09]} Kg8 {[%emt 0:00:19]} 69. Qf6 {[%emt 0:00:42]} Qd3 {[%emt 0:00:
20]} 70. Kg2 {[%emt 0:00:41]} Qe3 {[%emt 0:00:11]} 71. Qf3 {[%emt 0:01:05]} Qe5
{[%emt 0:00:04]} 72. Kh3 {[%emt 0:00:03]} Qg5 {[%emt 0:00:12]} 73. Qe4 {
[%emt 0:00:09]} Kh8 {[%emt 0:00:13]} 74. Kg3 {[%emt 0:00:04]} Qf6 {[%emt 0:00:
04]} 75. Qf4 {[%emt 0:00:04]} Qe7 {[%emt 0:00:09]} 76. Qd4+ {[%emt 0:00:21]}
Kg8 {[%emt 0:00:03]} 77. Kf4 {[%emt 0:00:17]} Qf7+ {[%emt 0:00:14]} 78. Kg5 {
[%emt 0:00:06]} Qe7+ {[%emt 0:00:01]} 79. Qf6 {[%emt 0:00:22]} Qe3+ {[%emt 0:
00:14]} 80. Kg6 {[%emt 0:00:23]} Qe4+ {[%emt 0:00:23]} 81. Qf5 {[%emt 0:00:02]}
Qc6+ {[%emt 0:00:09]} 82. Kg5 {[%emt 0:00:04]} Qc1+ {[%emt 0:00:03]} 83. Qf4 {
[%emt 0:00:17]} Qc5+ {[%emt 0:00:02]} 84. Kh4 {[%emt 0:00:12]} Qc6 {[%emt 0:00:
02]} 85. Qg5+ {[%emt 0:00:13]} Kh8 {[%emt 0:00:07]} 86. Qe5+ {[%emt 0:00:03]}
Kh7 {[%emt 0:00:21]} 87. Kg5 {[%emt 0:00:10]} Qh6+ {[%emt 0:00:04]} 88. Kf5 {
[%emt 0:00:02]} Qf8+ {[%emt 0:00:03]} 89. Ke4 {[%emt 0:00:08]} Qb4+ {[%emt 0:
00:07]} 90. Kf3 {[%emt 0:00:01]} Qa3+ {[%emt 0:00:23]} 91. Kg2 {[%emt 0:00:10]}
Qa6 {[%emt 0:00:14]} 92. Qe4+ {[%emt 0:00:28]} Kh8 {[%emt 0:00:08]} 93. g5 {
[%emt 0:00:17]} Qd6 {[%emt 0:00:26]} 94. Kh3 {[%emt 0:00:14]} Qd7+ {[%emt 0:00:
13]} 95. Kh4 {[%emt 0:00:06]} Qf7 {[%emt 0:00:10]} 96. Qd4+ {[%emt 0:00:18]}
Kg8 {[%emt 0:00:02]} 97. Qd8+ {[%emt 0:00:34]} Kg7 {[%emt 0:00:01]} 98. h6+ {
[%emt 0:00:05]} Kh7 {[%emt 0:00:02]} 99. Qd3+ {[%emt 0:00:03]} Kh8 {[%emt 0:00:
10]} 100. Qd4+ {[%emt 0:00:04]} Kh7 {[%emt 0:00:13]} 101. Qe4+ {[%emt 0:00:10]}
Kh8 {[%emt 0:00:01]} 102. Kg3 {[%emt 0:00:20]} Qc7+ {[%emt 0:00:31]} 103. Qf4 {
[%emt 0:00:05]} Qd7 {[%emt 0:00:16]} 104. Kh4 {[%emt 0:00:07]} Qb7 {[%emt 0:00:
15]} 105. Qf8+ {[%emt 0:01:29]} Kh7 {[%emt 0:00:02]} 106. Qf5+ {[%emt 0:00:01]}
Kh8 {[%emt 0:00:01]} 107. Kh5 {[%emt 0:00:57]} Qf7+ {[%emt 0:00:08]} 108. Kg4 {
[%emt 0:00:02]} Qc4+ {[%emt 0:00:06]} 109. Kg3 {[%emt 0:00:09]} Qc3+ {[%emt 0:
00:22]} 110. Qf3 {[%emt 0:00:09]} Qe5+ {[%emt 0:00:11]} 111. Kh4 {[%emt 0:00:
43]} Qh2+ {[%emt 0:00:13]} 112. Kg4 {[%emt 0:00:03]} Qc7 {[%emt 0:00:10]} 113.
Qe4 {[%emt 0:00:34]} Qd7+ {[%emt 0:00:07]} 114. Kh4 {[%emt 0:00:05]} Qf7 {
[%emt 0:00:08]} 115. Qd4+ {[%emt 0:00:14]} Kh7 {[%emt 0:00:05]} 116. Qd3+ {
[%emt 0:00:38]} Kh8 {[%emt 0:00:01]} 117. Qc3+ {[%emt 0:00:02]} Kh7 {[%emt 0:
00:01]} 118. Qc2+ {[%emt 0:00:03]} Kh8 {[%emt 0:00:02]} 119. Kg3 {[%emt 0:00:
04]} Qd7 {[%emt 0:00:35]} 120. Qe2 {[%emt 0:00:34]} Qd6+ {[%emt 0:00:10]} 121.
Kg4 {[%emt 0:00:10]} Qd7+ {[%emt 0:00:04]} 122. Kh4 {[%emt 0:00:02]} Qf7 {
[%emt 0:00:09]} 123. Qe5+ {[%emt 0:00:29]} Kh7 {[%emt 0:00:01]} 124. Qe4+ {
[%emt 0:00:08]} Kh8 {[%emt 0:00:02]} 1/2-1/2

[Event "Aimchess US Rapid Prelims 2021"]
[Site "Chess24"]
[Date "2021.08.25"]
[Round "15.2"]
[White "So, Wesley"]
[Black "Van Foreest, Jorden"]
[Result "1-0"]
[WhiteElo "2772"]
[BlackElo "2698"]
[Annotator "TA"]
[PlyCount "69"]
[EventDate "2021.08.28"]
[EventType "tourn"]
[EventCountry "NET"]
[Tiebreak "Direct encounter+Number of wins+Koya"]
[SourceTitle "playchess.com"]
[Source "ChessBase"]
[SourceQuality "1"]

{[%evp 13,69,0,0,0,0,0,0,0,0,0,0,0,0,0,0,0,35,36,43,36,83,59,89,94,109,98,106,
99,102,52,208,200,184,198,279,213,370,223,366,259,418,395,425,385,537,530,566,
464,607,600,889,600,768,749,745,730,677,650]} 1. d4 Nf6 2. c4 e6 3. Nc3 Bb4 4.
Qc2 O-O 5. e4 d5 6. e5 Ne4 7. Bd3 c5 $1 {[%cal Rc5d4]} 8. Nf3 {E32:
Nimzo-Indian: Classical (4 Qc2): 4...0-0.} cxd4 9. Nxd4 Nd7 10. Bf4 {The
position is equal.} Qh4 11. g3 Qh5 12. O-O g5 13. cxd5 Bxc3 14. bxc3 gxf4 15.
dxe6 Nxe5 16. Bxe4 Bxe6 17. Rfe1 {[#]} (17. Nxe6 $6 fxe6 18. Rfb1 Rab8 $11)
17... Kh8 $146 ({Predecessor:} 17... Rad8 18. Qd2 fxg3 19. hxg3 Bd5 20. Qf4 Ng6
21. Qf6 Bxe4 22. Rxe4 Rd5 23. Rb1 b6 {1-0 (41) Spoelman,W (2571)-L'Ami,E (2650)
Amsterdam 2014}) 18. Bxb7 Rab8 19. Bg2 (19. gxf4 $2 Rg8+ 20. Kh1 Ng4 $19) 19...
fxg3 20. fxg3 Bc4 21. Qa4 {aiming for Rxe5!} f6 {[#] This move loses the game
for Black.} ({Avoid the trap} 21... Rb2 $2 22. Rxe5 $1 {[%mdl 512]} Qxe5 23.
Qxc4 $18) (21... Rfc8 $1 $14) 22. Rxe5 $1 $18 {[%mdl 576] Remove Defender} fxe5
23. Qxc4 Qg6 (23... Qg4 $142) 24. Nb3 Qc2 $2 (24... Rbc8 25. Qd5 Rxc3 26. Qxe5+
Qf6 27. Qxf6+ Rxf6) 25. Be4 Qf2+ 26. Kh1 Rb6 $2 (26... Qe3 {keeps fighting.}
27. Qd5 Rb5) 27. Qc7 {[%csl Ge4][%cal Rc7h7]} Rh6 {[%csl Gf2][%cal Rh6h2]} 28.
Qxe5+ Rff6 {[%csl Gf2][%cal Rh6h2]} 29. Bg2 {White is clearly winning.} ({
Inferior is} 29. h4 Rxh4+ 30. gxh4 Qxh4+ 31. Kg1 Qf2+ 32. Kh1 Qh4+ 33. Kg2 Qg4+
34. Kh2 Qh4+ 35. Kg1 Qf2+ 36. Kh1 Qh4+ $11) 29... Kg8 {( -> ...Rxh2+!)} 30. h3
{And now Nd4 would win.} Rhg6 31. Rg1 Kg7 32. Nc5 Qf5 33. Qd4 {Strongly
threatening Rf1.} Qf2 34. Ne6+ Kh8 35. Nf4 {Weighted Error Value: White=0.24/
Black=0.52} 1-0

[Event "Aimchess US Rapid Prelims 2021"]
[Site "Chess24"]
[Date "2021.08.25"]
[Round "15.3"]
[White "Vidit, Santosh Gujrathi"]
[Black "Aronian, Levon"]
[Result "1-0"]
[WhiteElo "2726"]
[BlackElo "2782"]
[Annotator "TA"]
[PlyCount "71"]
[EventDate "2021.08.28"]
[EventType "tourn"]
[EventCountry "NET"]
[Tiebreak "Direct encounter+Number of wins+Koya"]
[SourceTitle "playchess.com"]
[Source "ChessBase"]
[SourceQuality "1"]

{[%evp 12,71,15,9,11,4,16,10,15,2,20,25,16,0,0,0,9,11,5,11,8,9,15,25,21,6,6,7,
19,0,0,-4,0,-22,-22,-44,-48,-44,-24,-37,-16,-8,-4,-40,0,-6,156,141,268,268,276,
261,388,325,389,266,781,747,962,948,900,877]} 1. d4 Nf6 2. c4 e6 3. Nf3 d5 4.
Nc3 Bb4 5. Qa4+ Nc6 6. e3 O-O 7. Bd2 dxc4 {D38: Queen's Gambit Declined:
Ragozin Defence (4 Nf3 Bb4).} 8. Bxc4 Bd6 9. Qc2 e5 {The position is equal.}
10. dxe5 Nxe5 11. Nxe5 Bxe5 12. f4 Bxc3 13. Bxc3 Ng4 14. Bd4 c5 15. Bxc5 Re8 $1
16. O-O {With the idea Rfd1.} Nxe3 17. Bxe3 Rxe3 18. Rae1 Rxe1 19. Rxe1 {[#]}
b5 $146 ({Predecessor:} 19... Qd4+ 20. Qf2 Qxf2+ 21. Kxf2 Kf8 22. Bd5 Bd7 23.
Re3 Rc8 24. Bxb7 Rb8 25. Rb3 Ba4 {1/2-1/2 (38) So,W (2770)-Nepomniachtchi,I 
(2792) Paris 2021}) 20. Bf1 Be6 21. a3 $40 {[%mdl 128] White has some attack.}
Rc8 22. Qf2 a6 23. g3 g6 24. h4 Qf6 25. Re5 Rc1 26. Qd2 Rb1 {[#] ...Bc4 is the
strong threat.} 27. Kf2 Bc4 28. Bg2 a5 $2 (28... Qb6+ $11 29. Re3 a5) 29. Qd4
$16 {Strongly threatening Re8+.} Kg7 (29... Be6 $16 30. Bh3 Rh1) 30. h5 $18 h6
31. hxg6 fxg6 (31... Rc1 $142 32. gxf7 Rc2+ 33. Kg1 Bxf7) 32. a4 {[%cal Ba3a4,
Ba4b5,Bb5b6,Bb6b7][%mdl 32]} Bf7 33. axb5 {Black must now prevent b6.} g5 $2 (
33... a4 34. Be4 Rc1) 34. b6 {Threatens to win with b7.White is clearly
winning.} gxf4 35. b7 Rd1 {[#]} 36. Rg5+ $1 {[%mdl 576] Pin, Promotion. 
Weighted Error Value: White=0.15/Black=0.29} 1-0

[Event "Aimchess US Rapid Prelims 2021"]
[Site "Chess24"]
[Date "2021.08.25"]
[Round "15.4"]
[White "Le, Quang Liem"]
[Black "Liang, Awonder"]
[Result "1-0"]
[WhiteElo "2709"]
[BlackElo "2587"]
[Annotator "TA"]
[PlyCount "185"]
[EventDate "2021.08.28"]
[EventType "tourn"]
[EventCountry "NET"]
[Tiebreak "Direct encounter+Number of wins+Koya"]
[SourceTitle "playchess.com"]
[Source "ChessBase"]
[SourceQuality "1"]

{[%evp 24,185,26,26,33,33,33,33,34,34,35,33,37,35,45,23,24,31,27,27,44,44,60,
59,60,60,78,78,147,136,136,145,156,123,122,44,44,43,45,36,36,36,40,36,42,42,50,
48,56,6,6,11,174,172,238,119,127,123,125,63,69,69,112,61,56,52,67,67,67,65,67,
67,89,86,68,4,16,16,41,16,45,47,47,52,45,68,283,268,279,291,398,397,385,363,
349,7,7,14,14,14,54,0,0,0,0,0,0,0,418,372,485,469,646,643,629,621,1383,1301,
1198,1185,1054,821,709,210,212,0,212,247,922,206,29991,29992,29992,29991,29991,
29992,29993,29985,29985,29986,29986,29973,6121,0,29986,0,0,0,8,0,29985,29986,
29986,29987,29987,29988,29988,29989,29995,29996,29996,29997,29997,29998]} 1. e4
c6 2. d4 d5 3. exd5 cxd5 4. Bd3 Nc6 5. c3 Nf6 6. Bf4 Bg4 7. Qb3 Qd7 8. Nd2 e6
9. Ngf3 Bd6 10. Bxd6 Qxd6 11. O-O O-O 12. Rfe1 Bxf3 13. Nxf3 Qc7 {outshines
the older 13...Rab8. B13: Caro-Kann: Exchange Variation and Panov-Botvinnik
Attack.} 14. Qc2 g6 {[#]} 15. g3 $146 ({Predecessor:} 15. Qd2 Kg7 16. Re3 h6
17. Rae1 Nd7 18. h4 Nf6 19. Ne5 Nxe5 20. dxe5 Ng4 21. Rg3 {1/2-1/2 (34) Pepene,
G (2494)-Rydholm,L (2511) ICCF email 2018}) 15... Kg7 {White is slightly
better.} 16. Kg2 Rab8 17. Qe2 a6 18. h4 h5 19. Rac1 Ng4 20. Qd2 Rbe8 21. Re2
Na5 22. Rce1 Nc4 23. Qc1 Nd6 24. Qf4 Qb8 25. Ne5 Nxe5 (25... Nb5 $142) 26. dxe5
$16 (26. Qxe5+ $6 f6 $14) (26. Rxe5 $6 Qd8 $14) 26... Nf5 27. Bxf5 exf5 28. Qd4
Re6 29. Qxd5 ({Better is} 29. Rd1 $16) 29... Rd8 $14 30. Qf3 b5 31. Qe3 Rd5 32.
f4 Qd8 33. Qf3 Rd3 34. Re3 Rd2+ 35. R1e2 Rd1 36. b3 (36. Rc2 {feels hotter.}
Re7 37. Kh3 Rc7 38. a3 a5 39. Rh2) 36... Qd7 37. Kh3 Ra1 $2 (37... a5 $11 {
and Black is okay.}) 38. Rd3 $18 Qa7 (38... Qc6 {is a better defense.} 39. Qxc6
Rxc6) 39. Red2 (39. Rd8 $18 {And now Red2 would win.} Qg1 40. Red2) 39... Re8
$16 40. Rd7 Qg1 41. Rd1 ({White should try} 41. Qb7 $16 Kg8 42. Qg2 (42. Qxa6
g5 43. fxg5 f4 {[%mdl 64] Decoy} 44. gxf4 Qg4+ 45. Kh2 Qxf4+ 46. Kg2 Qe4+ 47.
Kf2 Qxh4+ 48. Kg2 Qh1+ 49. Kg3 Rg1+ 50. Rg2 Qxg2+ 51. Kf4 Qg3+ 52. Ke4 Rxe5+ {
[%mdl 64] Double Attack} 53. Kd4 Qe3#) (42. Rxf7 Qf1+ 43. Kh2 Qg1+ 44. Kh3 Qf1+
45. Rg2 Qh1+ 46. Rh2 Qf1+ 47. Rg2 Qh1+ 48. Rh2 Qf1+ 49. Rg2 $11)) 41... Rxd1
$14 42. Rxd1 {[%mdl 4096] Endgame KQR-KQR} Qc5 43. Kg2 ({White should play} 43.
c4 $16) 43... Rc8 44. Rd3 Qa3 45. Qe2 Qc1 46. e6 {Strongly threatening exf7.}
fxe6 47. c4 Kh6 48. Rd6 (48. Qxe6 $6 Qc2+ 49. Kh3 Qxd3 $11) 48... Re8 49. Qd2 (
49. Rxa6 $2 Rd8 $19) (49. Rd7 $14 Qc3 50. cxb5) 49... Qb1 50. c5 {aiming for
b4.} Rc8 51. b4 (51. Rxa6 $2 Rxc5 52. Rxe6 (52. Qd8 $2 Rc2+ {[%mdl 64] Double
Attack} 53. Qd2 Rxd2+ 54. Kh3 Qh1#) 52... Rc2 $19) 51... Qe4+ 52. Kh2 a5 53. a3
$36 {[%mdl 2048] White is pushing.} axb4 $1 54. axb4 Qb1 $2 (54... Ra8 $14) 55.
Rxe6 $18 Ra8 {...Ra2! is the strong threat.} 56. Re1 Ra2 57. Rxb1 Rxd2+ {KR-KR}
58. Kg1 $1 Rc2 59. Ra1 $2 (59. Rd1 $1 $18 {[%cal Rd1d3]} Rc4 60. Kf2) 59... Rc4
$11 60. Kf2 Kg7 $1 61. Ke3 Kf7 62. Ra7+ (62. Rb1 $14) 62... Ke6 63. Ra6+ Kf7
64. Rb6 Rxb4 65. Kd3 Ke7 $2 {[%mdl 8192]} (65... Kg7 $11) 66. Rxg6 $18 Rc4 67.
c6 $1 Rc1 68. Kd4 $1 {[%cal Rd4d5]} b4 69. Kd5 $1 b3 70. Rg7+ Kd8 71. Rb7 Rc3
72. Kd6 {[%cal Rb7b8]} Kc8 73. Ra7 $2 (73. Rg7 {[%cal Rg7g8]} Rd3+ 74. Ke5)
73... Rd3+ 74. Ke6 $2 (74. Ke5 $18) 74... Rxg3 $2 (74... Rc3 $11 75. Kd6 (75.
Kxf5 Rc5+ 76. Ke4 Rxc6 $11) 75... Rd3+ 76. Ke5 Rxg3) 75. Kxf5 Rg4 $2 (75... Rc3
) 76. Ke5 $2 (76. Rb7 Rxh4 77. Rxb3) 76... Rxh4 $2 (76... Rg6 $18) 77. Kd6 {
[%cal Ra7a8]} Kb8 78. Rb7+ Ka8 79. Rxb3 Rxf4 80. c7 Rf8 81. Kc6 {[%cal Rb3a3]}
Rf6+ 82. Kd5 Rf8 83. Kc6 (83. Rb6 $18 Ka7 84. Rf6 $3 {[%mdl 576] Promotion})
83... Rf6+ 84. Kd7 $2 (84. Kc5 $1 {mates} Rf8 85. Kb6 Rf6+ 86. Ka5 Rc6 87. Rb8+
Ka7 88. c8=Q Rxc8 89. Rxc8) 84... Rf7+ $11 85. Kd6 ({Weaker is} 85. Kc6 Rf6+)
85... Rf8 $1 86. Rb4 {Threatening mate with Kc6.} ({Less strong is} 86. Kc6
Rf6+) (86. Rb5 {with more complications.} h4 87. Kd7 Rf7+ 88. Kc6 Rf6+ 89. Kd5)
86... Rg8 $2 {[%mdl 8192]} (86... Ka7 $11) 87. Kc6 $1 {[%cal Rb4a4] White
mates.} Rg6+ 88. Kc5 $1 Rg5+ 89. Kb6 $1 {[%cal Rc7c8]} Rg6+ {[#]} 90. Ka5 $1
Rg8 {[#]} 91. Ka6 $1 h4 92. Rb6 h3 93. Rd6 {Weighted Error Value: White=0.25/
Black=0.21} 1-0

[Event "Aimchess US Rapid Prelims 2021"]
[Site "Chess24"]
[Date "2021.08.25"]
[Round "15.5"]
[White "Firouzja, Alireza"]
[Black "Giri, Anish"]
[Result "1/2-1/2"]
[WhiteElo "2759"]
[BlackElo "2776"]
[Annotator "TA"]
[PlyCount "85"]
[EventDate "2021.08.28"]
[EventType "tourn"]
[EventCountry "NET"]
[Tiebreak "Direct encounter+Number of wins+Koya"]
[SourceTitle "playchess.com"]
[Source "ChessBase"]
[SourceQuality "1"]

{[%evp 20,85,22,23,24,0,0,0,0,0,0,-10,0,0,9,0,0,0,4,0,0,-7,-7,-11,-7,0,0,-14,
-6,-10,0,-45,-6,-69,-68,-69,-71,-72,-68,-70,-73,-71,-70,-76,-77,-76,-78,-69,
-69,-67,-74,-69,-78,-70,-48,-37,0,0,0,0,0,0,0,0,0,0,0,0]} 1. d4 d5 2. Nf3 Nf6
3. c4 c6 4. cxd5 cxd5 5. Nc3 Nc6 6. Bf4 a6 7. e3 Bg4 8. h3 Bxf3 9. Qxf3 e6 10.
Bd3 Bd6 11. Bg5 Be7 {D13: Slav Defence: Exchange variation without ...Bf5.} 12.
Bxf6 Bxf6 13. O-O O-O 14. Rac1 {[#]} g6 $146 ({Predecessor:} 14... Rc8 15. Qd1
g6 16. f4 Be7 17. Na4 Nb4 18. Rxc8 Qxc8 19. Bb1 b5 20. Nc3 Nc6 {1/2-1/2 (59)
Prohaszka,P (2604)-Andreikin,D (2733) Abu Dhabi 2016}) 15. a3 h5 16. Rfd1 Kg7
17. Na4 Qd6 18. Nc5 Rab8 19. b4 Rfc8 20. Bf1 a5 21. Rb1 axb4 22. axb4 b6 23.
Nd3 Ra8 24. Rdc1 Ne7 25. Qf4 Nf5 26. b5 ({White should try} 26. g4 $11 hxg4 27.
hxg4 Qxf4 28. Nxf4) 26... Qxf4 27. Nxf4 Rxc1 28. Rxc1 Bg5 29. g3 h4 $1 {
[%cal Rh4g3]} 30. Rc7 Kg8 31. Bd3 hxg3 32. Bxf5 {[#] Bc2 is the strong threat.}
gxf2+ 33. Kxf2 {Threatens to win with Bd3.} gxf5 $17 {[%mdl 4096] Endgame
KRB-KRN} 34. Rb7 Bh4+ $1 35. Kf3 Ra2 $1 {[%csl Gh4][%cal Ra2f2] [#]} 36. Ne2
Ra1 $1 {[%cal Ra1f1]} 37. Nf4 $1 Ra2 {[%csl Gh4][%cal Ra2f2]} (37... Rf1+ {
looks sharper.} 38. Ke2 Rf2+ 39. Kd1 Bg5 40. Ke1 Ra2) 38. Ne2 {The position is
equal.} f6 {And now ...e5 would win.} 39. Re7 Ra1 {Hoping for ...Rf1+.} 40. Nf4
({Don't blunder} 40. Rxe6 $2 Rf1+ 41. Kg2 Rf2+ 42. Kg1 Rxe2 $19) 40... Ra2 {
[%csl Gh4][%cal Ra2f2]} 41. Ne2 Ra1 {White must now prevent ...Rf1+.} 42. Nf4 (
{Avoid the trap} 42. Rxe6 $2 Rf1+ 43. Kg2 Rf2+ {[%mdl 64] Double Attack} 44.
Kg1 Rxe2 $19) 42... Ra2 {[%csl Gh4][%cal Ra2f2]} 43. Ne2 {Weighted Error Value:
White=0.06/Black=0.03} 1/2-1/2

[Event "Aimchess US Rapid Prelims 2021"]
[Site "Chess24"]
[Date "2021.08.25"]
[Round "15.6"]
[White "Naroditsky, Daniel"]
[Black "Artemiev, Vladislav"]
[Result "1/2-1/2"]
[WhiteElo "2623"]
[BlackElo "2704"]
[Annotator "TA"]
[PlyCount "135"]
[EventDate "2021.08.28"]
[EventType "tourn"]
[EventCountry "NET"]
[Tiebreak "Direct encounter+Number of wins+Koya"]
[SourceTitle "playchess.com"]
[Source "ChessBase"]
[SourceQuality "1"]

{[%evp 20,135,9,5,5,0,10,0,2,-14,4,6,3,0,0,0,15,0,0,0,10,8,20,-8,0,-10,-8,-8,0,
-16,-13,-12,-13,-12,0,-5,0,-3,0,0,0,0,0,0,0,0,0,0,12,12,8,0,0,0,0,0,0,0,12,0,0,
0,0,0,0,0,0,0,8,8,8,8,8,8,8,8,8,8,8,8,8,8,8,8,8,8,8,8,8,8,8,8,16,8,8,8,8,0,0,0,
-28000,-28000,-28000,-28000,-28000,-28000,-28000,-28000,-28000,-28000,-28000,
-28000,-28000,-28000,-28000,-28000,-28000,-28000]} 1. e4 e5 2. Nf3 Nc6 3. Bb5
a6 4. Ba4 d6 5. O-O Bd7 6. c4 Nf6 7. Nc3 Be7 8. d4 Nxd4 9. Nxd4 exd4 10. Bxd7+
Nxd7 11. Qxd4 Bf6 {C72: Ruy Lopez: Deferred Steinitz: 5 0-0.} 12. Qd2 O-O 13.
Nd5 Re8 {[#] The position is equal.} 14. Re1 $146 ({Predecessor:} 14. f3 Be5
15. Qc2 c6 16. Ne3 Qf6 17. Kh1 Qe6 18. Bd2 Nf6 19. Rae1 Bf4 20. Nf5 Bxd2 21.
Qxd2 {1/2-1/2 (50) Janosevic,D-Filip,M Harrachov 1966}) 14... Nc5 15. Nxf6+
Qxf6 16. f3 b5 17. Qc2 Ne6 18. cxb5 axb5 19. Be3 h6 20. a3 Reb8 21. Qd2 Ra6 22.
f4 Ra4 23. b4 Qe7 24. Qb2 Rba8 25. Bd2 c5 26. f5 Ng5 27. Bxg5 hxg5 28. bxc5
dxc5 29. Qxb5 Qe5 30. Rac1 Qd4+ 31. Kh1 Rxa3 32. Qxc5 Qxc5 33. Rxc5 $11 {
[%mdl 4096] Endgame KRR-KRR} Ra1 {[%cal Ra1e1] [#]} 34. Rcc1 R1a4 35. e5 Re8
36. e6 fxe6 37. fxe6 Ra6 38. e7 (38. h3 {feels hotter.} Raxe6 39. Rxe6 Rxe6 40.
Rc5 g4 41. hxg4 Re4 42. Rg5) 38... Ra7 39. g3 (39. Kg1 {looks sharper.} g4 40.
Kf2 Rexe7 41. Rxe7 Rxe7 42. Rc4) 39... Raxe7 40. Rxe7 Rxe7 {KR-KR} 41. Rc5 Re1+
42. Kg2 Re2+ 43. Kg1 Ra2 44. Rxg5 Ra1+ 45. Kg2 Ra2+ 46. Kh3 Kf7 47. Rg4 g6 48.
Rc4 Kf6 49. Rc6+ Kg5 50. Rc5+ Kf6 51. g4 g5 52. Rf5+ Kg6 53. Kg3 Rb2 (53...
Ra3+ {with more complications.} 54. Rf3 Ra2 55. Rc3 Rb2 56. h3 Rb6) 54. Rf3 Ra2
55. Rb3 Ra4 (55... Kg7 {is interesting.} 56. Re3 Kg6 57. Re6+ Kh7 58. Re4 Ra3+)
56. h3 Kf6 57. Rb6+ Kg7 58. Kf3 Ra3+ 59. Ke4 $2 {[%mdl 8192] [#]} (59. Kg2 $11)
59... Rxh3 60. Kf5 {Mate.} Ra3 61. Kxg5 Ra5+ 62. Kh4 Rc5 63. Ra6 Rb5 64. Rc6
Ra5 65. Rb6 Rc5 66. Ra6 Rb5 67. Rc6 Ra5 68. Rb6 {[%mdl 32768] Weighted Error
Value: White=0.03/Black=0.02. An unexpected result.} 1/2-1/2